000 03102nab a2200265 i 4500
003 BR-BrBNA
005 20250825125845.0
008 250825b2021 bl.ar|pooa||| 00| 0 eng |
040 _aBR-BrBNA
_beng
072 _aF63
_b3570
100 _aMarques, Danilo
100 _aPico, Gisela Mariel Via do
100 _aNakajima, Jimi Naoki
100 _aDematteis, Massimiliano
245 _aPollen morphology and its systematic value to southern South American species of Lepidaploa (Vernonieae: Asteraceae)
500 _aPublicação on-line; 44 ref.; 4 tables; 7 illus.; Summaries (En, Pt)
520 _a Abstract Palynological data have been used in Vernonieae for generic and specific delimitations, particularly in the Lepidaploinae subtribe. For this reason, pollen studies in the genus Lepidaploa are important to solve taxonomic conflicts. We characterized 23 species of Lepidaploa searching for morphological differences among themselves. We then compared the data obtained with other genera of the Lepidaploinae. The results show that the species have pollen type “C” (with polar lacuna) or “G” (without polar lacuna), oblate-spheroidal, subprolate or prolate-spheroidal, 3-colporate and equinolophate. The pollen types and shape of pollen grain are taxonomically useful. Pollen morphology is useful to distinguish species and genera of Lepidaploinae. Together with macromorphological data it is possible to delimit Lepidaploa and the species studied here. Key words: Compositae, Lepidaploinae, palynology, Vernonia. Resumo Dados palinológicos são usados em Vernonieae para a delimitação de gênero e espécies, principalmente na subtribo Lepidaploinae. Por este motivo, estudos palinológicos no gênero Lepidaploa são importantes para solucionar conflitos taxonômicos a nível genérico e específico. Os grãos de pólen de 23 espécies de Lepidaploa foram caracterizados com o objetivo de buscar diferenças morfológicas entre eles. Além disso, comparamos o pólen encontrado nestas espécies com o grão de pólen de outros gêneros de Lepidaploinae. Os resultados demonstraram que as espécies apresentam pólen do tipo “C” (com lacuna polar) ou “G” (sem lacuna polar), são oblato-esferoidal, subprolato o prolato-esferoidal, 3-colporado e equinolofado. O tipo de grão de pólen e sua forma foram taxonômicamente úteis. Ambos os caracteres foram utilizados para distinguir gêneros da subtribo e as espécies de Lepidaploa. Juntamente com a macromorfologia os dados dos grãos de pólen permitem delimitar os gêneros e espécies estudados. Palavras-chave: Compositae, Lepidaploinae, palinologia, Vernonia.
650 _aCOMPOSITAE
650 _aASSA PEIXE
650 _aPÓLEN
773 0 _0709
_9357347
_dRio de Janeiro-RJ Jardim Botanico do Rio de Janeiro 1935
_o2025-5311
_tRodriguésia (Brazil)
_x0370-6583; 2175-7860 on-line
_gv. 72 p. 1-18; (2021)
_wBR2025001766
856 _uhttps://www.scielo.br/j/rod/a/LMrDXjBgrFqjfFSBzdcF7pH/?format=pdf&lang=en
942 _cANA
999 _c337781
_d337781